000 01555nam a2200397 a 4500
001 00003825
003 DO-SdBNP
005 20180312084728.0
007 00003825
008 091118s2001 dr ac 000 0 spa d
020 _a848261407X
040 _aBPMSU
_bspa
_cBPMSU
092 _a373.84
_bR696r 2do. 2001
100 1 _aRodríguez, Federico
245 1 0 _aReligión 2 :
_bformación integral, humana y religiosa /
_c Federico Rodríguez ; dirección editorial Obdulia García de Escobar ; ilustración Ruddy Núñez.
260 _aSanto Domingo :
_bSantillana,
_c2001
300 _a103 p. :
_bil., mapas, retrs. ;
_c28 cm.
490 1 _aUmbral
500 _aEste libro ha sido realizado de conformidad con el currículum vigente y ha sido sometido a la aprobación de la SEEBAC
500 _aJesús de Nazaret El nuevo Israel: La iglesia.
500 _aSegundo de bachillerato - 2do. curso/Primer Ciclo
505 _tLa historia de Israel --
_tLa Sagrada escritura.
650 4 _aRELIGIÓN
_xENSEÑANZA SECUNDARIA
650 4 _aRELIGIÓN
_xLIBROS DE TEXTOS
650 4 _aRELIGIÓN
_xESTUDIOS Y EJERCICIOS
650 4 _aRELIGIÓN
_xEDUCACIÓN SECUNDARIA
650 4 _aEDUCACIÓN SECUNDARIA
_2REPÚBLICA DOMINICANA
700 1 2 _aGarcía de Escobar, Obdulia,
_eed.
700 1 2 _aNúñez, Ruddy,
_eil.
830 0 _aUmbral
910 _aValidado.Control de calidad MFF
942 _2ddc
_cBK
945 _aInventariado, 2018 /LP
956 _aVMATEO
_b10
_c20150721
_lBPMSU
_h00151
956 _aLOPEREZ
_b10
_c20160406
_l0041
999 _c9585
_d9585